| 000 | 00655nam a2200265 a 4500 | ||
|---|---|---|---|
| 003 | AR-BaBNM | ||
| 005 | 20251128202916.0 | ||
| 008 | 082120s2002 ||||||||||||||000 | spa|| | ||
| 040 | _cAR-BaBNM | ||
| 100 | 1 | _aGonzález Arrili, Bernardo | |
| 245 | 0 | 0 |
_aVida de José Martí _bel hombre que salió en busca de la libertad |
| 250 | _a1ª ed. | ||
| 260 |
_aBuenos Aires _bKapelusz _c1948 |
||
| 300 |
_a174 p. _bil. |
||
| 650 | 4 | _aBIOGRAFIAS | |
| 650 | 4 | _aHISTORIA | |
| 650 | 4 | _aLITERATURA | |
| 651 | 4 | _aGuatemala | |
| 651 | 4 | _aEstados Unidos | |
| 651 | 4 | _aEspaña | |
| 651 | 4 | _aCuba | |
| 655 | _aBIOGRAFIAS | ||
| 942 | _cBK | ||
| 998 | _cEnrique | ||
| 999 |
_c1148 _d1148 |
||